000 01363nam a2200241Ia 4500
999 _c53015
_d53015
001 20047
003 GE_BSU
005 20200606000338.0
008 181216s1971||||ge |||||||||||||| ||geo||
040 _cGE_BSU
041 _ageo
080 _a811.353.1-86 ი-50
100 _aიმნაიშვილი, ი.
_95492
245 _aქართული ენის ისტორიული ქრესტომათია = Историческая хрестоматия Грузинского языка. ტ.1 : ლექსიკონით, ენის მიმოხილვით და ტაბულებით : ნაწ. 2 : ლექსიკონით, ენის მიმოხილვით და ტაბულებით /
_cი. იმნაიშვილი ; რედ. ა. შანიძე.
264 _aთბილისი :
_bგანათლება,
_c1971.
300 _a383 გვ. ;
_c26 სმ.
490 _aძველი ქართული ენის კათედრის შრომები
_v14
541 _h4ლ.66თ.
653 _aქართული ენა
653 _aქართული ენის ისტორიული ქრესტომათია
700 _aშანიძე, ა.
_eრედაქტორი
_98308
942 _cBK
_2udc